| 000 | 01039cam a22003137a 4500 | ||
|---|---|---|---|
| 001 | 13781610 | ||
| 003 | CEME | ||
| 005 | 20210628201546.0 | ||
| 008 | 041115s2004 nyua b 001 0 eng d | ||
| 010 | _a 2004275324 | ||
| 015 |
_aGBA4X8662 _2bnb |
||
| 016 | 7 |
_a010347069 _2Uk |
|
| 020 | _a0824748727 | ||
| 035 | _a(OCoLC)ocm55619462 | ||
| 040 |
_aPIT _cPIT _dUKM _dDLC |
||
| 042 | _alccopycat | ||
| 050 | 0 | 0 |
_aTA418.7 _b.S913 2004 |
| 082 | 0 | 0 |
_a621.8/9 _222 |
| 100 |
_aTotten, George E. _918964 |
||
| 245 | 0 | 0 |
_aSurface modification and mechanisms : _bfriction, stress and reaction engineering / _cedited by George E. Totten and Hong Liang. |
| 260 |
_aNew York : _bMarcel Dekker, _cc2004. |
||
| 300 |
_aix, 756 p. : _bill. ; _c26 cm. |
||
| 504 | _aIncludes bibliographical references and index. | ||
| 650 | 0 |
_aSurfaces (Technology) _955805 |
|
| 650 | 0 |
_aTribology. _955804 |
|
| 700 | 1 |
_aLiang, Hong. _955807 |
|
| 856 | 4 | 2 |
_3Publisher description _uhttp://www.loc.gov/catdir/enhancements/fy0647/2004275324-d.html |
| 942 |
_2ddc _cBK |
||
| 999 |
_c566492 _d566492 |
||